| 000 | 00493nam a22001817a 4500 | ||
|---|---|---|---|
| 003 | CEME | ||
| 005 | 20210628205419.0 | ||
| 008 | 210316b xxu||||| |||| 00| 0 eng d | ||
| 020 | _a0-07-024062-0 | ||
| 040 | _c. | ||
| 082 | _a621.3848 GOU'R | ||
| 100 |
_aGould, Frederick L _975446 |
||
| 245 | _aRadar for technicians installation maintenance and repair | ||
| 260 |
_aUSA _bTAB BOOKS _c1995 |
||
| 300 | _a277P | ||
| 650 |
_aRADAR-LAND AIR AND SEA BASED SYSTEMS _975447 |
||
| 942 |
_cBK _2ddc |
||
| 999 |
_c580854 _d580854 |
||